[Event "Open 2004 des PSV Rostock"]
[Site "Rostock"]
[Date "2004.08.26"]
[Round "1.1"]
[White "Seils, Joerg"]
[Black "Wiese, Frank"]
[Result "1-0"]
[WhiteElo "2366"]
[BlackElo "1902"]
[PlyCount "67"]
[EventDate "2004.08.26"]
[EventType "swiss"]
[EventRounds "7"]
[EventCountry "GER"]
[Source "Th. Schwetlick"]
[SourceDate "2004.09.01"]

1. e4 e5 2. Nf3 Nc6 3. Bc4 Nf6 4. d3 d5 5. exd5 Nxd5 6. O-O Bg4 7. c3 Qd7 8. a4
O-O-O 9. a5 a6 10. b4 Qf5 11. b5 Bxf3 12. Qxf3 Qxf3 13. gxf3 Nb8 14. Re1 f6 15.
Be3 axb5 16. Bxb5 Na6 17. d4 Nxc3 18. Nxc3 exd4 19. Bd2 dxc3 20. Bxc3 Nb4 21.
Re4 Nd5 22. Bd4 f5 23. a6 c6 24. a7 Kd7 25. Re5 Bd6 26. Rxd5 Ke6 27. Rxd6+ Kxd6
28. Bb6 Rc8 29. Rd1+ Ke7 30. Bc4 Rhe8 31. f4 h6 32. Bc5+ Kf6 33. Rd6+ Ke7 34.
Rg6+ 1-0

[Event "Open 2004 des PSV Rostock"]
[Site "Rostock"]
[Date "2004.08.26"]
[Round "1.2"]
[White "Bahr, Enrico"]
[Black "Hetey, Laszlo"]
[Result "0-1"]
[WhiteElo "1893"]
[BlackElo "2336"]
[PlyCount "44"]
[EventDate "2004.08.26"]
[EventType "swiss"]
[EventRounds "7"]
[EventCountry "GER"]
[Source "Th. Schwetlick"]
[SourceDate "2004.09.01"]

1. d4 Nf6 2. c4 e6 3. Nc3 Bb4 4. Qc2 b6 5. e4 Bb7 6. f3 Nc6 7. e5 Nh5 8. g4
Nxd4 9. Qf2 Bc5 10. Be3 Nc2+ 11. Qxc2 Bxe3 12. gxh5 Qh4+ 13. Ke2 Bd4 14. Ne4
Bxe5 15. Bg2 O-O-O 16. Ng3 d5 17. f4 Qxf4 18. Rf1 Qg4+ 19. Ke1 Rd7 20. Nf3 Bd6
21. a3 dxc4 22. Qf2 Rhd8 0-1

[Event "Open 2004 des PSV Rostock"]
[Site "Rostock"]
[Date "2004.08.26"]
[Round "1.3"]
[White "Rudolf, Henrik"]
[Black "Jeske, Holger"]
[Result "1-0"]
[WhiteElo "2322"]
[BlackElo "1867"]
[PlyCount "65"]
[EventDate "2004.08.26"]
[EventType "swiss"]
[EventRounds "7"]
[EventCountry "GER"]
[Source "Th. Schwetlick"]
[SourceDate "2004.09.01"]

1. e4 c5 2. Nf3 g6 3. d4 cxd4 4. Nxd4 Bg7 5. Be3 Nc6 6. Nc3 Nf6 7. Bc4 O-O 8.
Bb3 e6 9. Ndb5 Nxe4 10. Nxe4 Bxb2 11. O-O d5 12. Rb1 Be5 13. f4 Bg7 14. Ng5 d4
15. Bd2 a6 16. Na3 b5 17. Qf3 Bb7 18. Qh3 h6 19. Nxf7 Rxf7 20. Qxe6 Qf6 21.
Qxf7+ Qxf7 22. Bxf7+ Kxf7 23. Nc4 Bf6 24. a4 Na7 25. Ne5+ Kg7 26. c4 dxc3 27.
Bxc3 Kh7 28. Rfd1 Bc8 29. Rd8 Bg7 30. Bd4 Bxe5 31. Bxe5 g5 32. f5 Bxf5 33. Rxa8
1-0

[Event "Open 2004 des PSV Rostock"]
[Site "Rostock"]
[Date "2004.08.26"]
[Round "1.4"]
[White "Schmidt, Wolfgang"]
[Black "Weglarz, Leszek"]
[Result "0-1"]
[WhiteElo "1859"]
[BlackElo "2305"]
[PlyCount "44"]
[EventDate "2004.08.26"]
[EventType "swiss"]
[EventRounds "7"]
[EventCountry "GER"]
[Source "Th. Schwetlick"]
[SourceDate "2004.09.01"]

1. d4 d5 2. Nf3 e6 3. e3 Nf6 4. Bd3 c5 5. c3 Nc6 6. Nbd2 Qc7 7. O-O b6 8. Qe2
Bb7 9. e4 cxd4 10. cxd4 dxe4 11. Nxe4 Nd5 12. Bd2 Rc8 13. Rac1 Be7 14. a3 O-O
15. Neg5 Nf6 16. Nxe6 fxe6 17. Qxe6+ Kh8 18. Ng5 Qd7 19. Bf5 Nxd4 20. Nf7+ Rxf7
21. Rxc8+ Bxc8 22. Qxd7 Bxd7 0-1

[Event "Open 2004 des PSV Rostock"]
[Site "Rostock"]
[Date "2004.08.26"]
[Round "1.5"]
[White "Lisek, Juergen"]
[Black "Micheel, Peter"]
[Result "1-0"]
[WhiteElo "2290"]
[BlackElo "1844"]
[PlyCount "53"]
[EventDate "2004.08.26"]
[EventType "swiss"]
[EventRounds "7"]
[EventCountry "GER"]
[Source "Th. Schwetlick"]
[SourceDate "2004.09.01"]

1. e4 e6 2. d4 d5 3. Nc3 Nf6 4. e5 Nfd7 5. f4 c5 6. Nf3 Nc6 7. Ne2 cxd4 8.
Nexd4 Bc5 9. c3 Nxd4 10. cxd4 Bb4+ 11. Kf2 O-O 12. Bd3 f6 13. Rf1 fxe5 14. fxe5
Qh4+ 15. Kg1 Qh5 16. Bg5 Rf7 17. Rc1 Nf8 18. a3 Ba5 19. Qa4 Rxf3 20. Rxf3 Qxg5
21. Rcf1 Bd7 22. Qxa5 b6 23. Qb4 Ng6 24. Bxg6 hxg6 25. Rf8+ Rxf8 26. Rxf8+ Kh7
27. Qc3 1-0

[Event "Open 2004 des PSV Rostock"]
[Site "Rostock"]
[Date "2004.08.26"]
[Round "1.6"]
[White "Zur, Jan"]
[Black "Schulz, Michael"]
[Result "1/2-1/2"]
[WhiteElo "1840"]
[BlackElo "2247"]
[PlyCount "127"]
[EventDate "2004.08.26"]
[EventType "swiss"]
[EventRounds "7"]
[EventCountry "GER"]
[Source "Th. Schwetlick"]
[SourceDate "2004.09.01"]

1. e4 g6 2. d4 Bg7 3. f4 c6 4. Nf3 d5 5. e5 h5 6. h3 Nh6 7. Be3 Qb6 8. b3 Bf5
9. Bd3 e6 10. O-O Bf8 11. c4 dxc4 12. Bxc4 Nd7 13. Qe2 Qc7 14. Nc3 Nb6 15. Rfc1
Qd7 16. a3 Be7 17. Rd1 Kf8 18. Bf2 Kg7 19. Bh4 Bxh4 20. Nxh4 Nd5 21. Nxf5+ Nxf5
22. Bxd5 cxd5 23. Rac1 Rac8 24. Qd2 Qe7 25. b4 Rc4 26. Ne2 Rhc8 27. Re1 Qh4 28.
Rxc4 Rxc4 29. Rc1 b5 30. Rxc4 bxc4 31. Qc3 a6 32. a4 Qd8 33. Qa3 Qb6 34. Qc3 h4
35. Kf2 Qc6 36. Qa3 Kg8 37. Ke1 Qe8 38. Kf2 Kg7 39. Ke1 Qc6 40. Kf2 Ng3 41.
Nxg3 hxg3+ 42. Kxg3 c3 43. b5 axb5 44. axb5 Qc4 45. b6 Qd3+ 46. Kg4 Qe2+ 47.
Kg3 Qb2 48. Qc5 c2 49. b7 c1=Q 50. Qxc1 Qxc1 51. b8=Q Qe3+ 52. Kg4 Qf2 53. Qd8
Qxg2+ 54. Kh4 Qf2+ 55. Kg4 Qe2+ 56. Kg5 Qe3 57. Kg4 Qg1+ 58. Kf3 Qd1+ 59. Kg3
Qd3+ 60. Kg4 Qf5+ 61. Kg3 Qd3+ 62. Kg4 Qd1+ 63. Kg3 Qb3+ 64. Kg4 1/2-1/2

[Event "Open 2004 des PSV Rostock"]
[Site "Rostock"]
[Date "2004.08.26"]
[Round "1.8"]
[White "Hamann, Dirk"]
[Black "Porsch, Harald"]
[Result "0-1"]
[WhiteElo "1818"]
[BlackElo "2238"]
[PlyCount "75"]
[EventDate "2004.08.26"]
[EventType "swiss"]
[EventRounds "7"]
[EventCountry "GER"]
[Source "Th. Schwetlick"]
[SourceDate "2004.09.01"]

1. e4 c5 2. Nf3 e6 3. d4 cxd4 4. Nxd4 Nc6 5. Nxc6 bxc6 6. Bd3 e5 7. O-O Nf6 8.
Nc3 Be7 9. Kh1 O-O 10. f4 d6 11. Be3 Ng4 12. Bg1 exf4 13. Rxf4 Ne5 14. Ne2 Bg5
15. Rf1 Bg4 16. h3 Bd7 17. Ng3 g6 18. Ne2 Bh6 19. Nd4 Bg7 20. c3 Rb8 21. Rb1 d5
22. exd5 cxd5 23. b3 Qa5 24. Rc1 Qxa2 25. Rf2 Qa5 26. h4 Qd8 27. g3 Qc8 28. Ra2
Bh6 29. Rcc2 Bg4 30. Qf1 Rxb3 31. Nxb3 Bf3+ 32. Rg2 Qxc3 33. Nc5 d4 34. Rac2
Qb4 35. Kh2 Be3 36. Bxe3 dxe3 37. Rg1 Ng4+ 38. Kh3 {ZÜ} 0-1

[Event "Open 2004 des PSV Rostock"]
[Site "Rostock"]
[Date "2004.08.26"]
[Round "1.9"]
[White "Schoenrock, Ruediger"]
[Black "Krueger, Alexander"]
[Result "1-0"]
[WhiteElo "2197"]
[BlackElo "1768"]
[PlyCount "79"]
[EventDate "2004.08.26"]
[EventType "swiss"]
[EventRounds "7"]
[EventCountry "GER"]
[Source "Th. Schwetlick"]
[SourceDate "2004.09.01"]

1. e4 e5 2. Nf3 Nc6 3. Nc3 Bc5 4. Nxe5 Nxe5 5. d4 Bxd4 6. Qxd4 f6 7. Bf4 d6 8.
O-O-O Ne7 9. Be2 Be6 10. Bg3 Qd7 11. f4 N5c6 12. Qe3 O-O-O 13. Nd5 a6 14. Qa3
Nb8 15. Rd3 Bxd5 16. exd5 h5 17. Re1 Rhe8 18. Bf3 h4 19. Bf2 Ng6 20. Rde3 Qf7
21. Bg4+ f5 22. Bxf5+ Nd7 23. Rxe8 Rxe8 24. Rxe8+ Qxe8 25. Qe3 Qxe3+ 26. Bxe3
Ne7 27. Be6 Kd8 28. Bf2 Ke8 29. Bxh4 Ng6 30. Bg5 Nc5 31. b4 Na4 32. Bc8 Nc3 33.
Bxb7 Nxa2+ 34. Kd2 Nxb4 35. c3 Nxd5 36. Bxd5 Kd7 37. h4 Nf8 38. h5 c6 39. Be4
a5 40. Bf5+ 1-0

[Event "Open 2004 des PSV Rostock"]
[Site "Rostock"]
[Date "2004.08.26"]
[Round "1.10"]
[White "Wiecker, Stefan"]
[Black "Ruebensam, Helmut"]
[Result "0-1"]
[WhiteElo "1740"]
[BlackElo "2184"]
[PlyCount "70"]
[EventDate "2004.08.26"]
[EventType "swiss"]
[EventRounds "7"]
[EventCountry "GER"]
[Source "Th. Schwetlick"]
[SourceDate "2004.09.01"]

1. e4 e5 2. Nf3 Nc6 3. d4 exd4 4. Nxd4 Nge7 5. Bg5 h6 6. Nxc6 bxc6 7. Bh4 g5 8.
Bg3 Bg7 9. Nc3 Rb8 10. Rb1 Rxb2 11. Ne2 Rxa2 12. h4 d5 13. hxg5 hxg5 14. Rxh8+
Bxh8 15. Qd2 dxe4 16. Qxg5 Ng6 17. Qxd8+ Kxd8 18. Rd1+ Bd7 19. Nd4 Kc8 20. Bc4
Ra4 21. Bxf7 Bxd4 22. Bxg6 c5 23. Kd2 Bc6 24. Bf5+ Kb7 25. Rh1 Ra3 26. Rb1+ Ka6
27. Bxc7 Bc3+ 28. Kd1 Bb4 29. g4 Rf3 30. Bc8+ Kb5 31. Ra1 a5 32. Be6 Rxf2 33.
c4+ Ka6 34. Bc8+ Ka7 35. Bxa5 Rf1+ 0-1

[Event "Open 2004 des PSV Rostock"]
[Site "Rostock"]
[Date "2004.08.26"]
[Round "1.12"]
[White "Krieg, Peter"]
[Black "Miersch, Marco"]
[Result "0-1"]
[WhiteElo "1712"]
[BlackElo "2176"]
[PlyCount "46"]
[EventDate "2004.08.26"]
[EventType "swiss"]
[EventRounds "7"]
[EventCountry "GER"]
[Source "Th. Schwetlick"]
[SourceDate "2004.09.01"]

1. e4 c5 2. b4 cxb4 3. a3 bxa3 4. Nxa3 Nc6 5. Nf3 d6 6. Bc4 Nf6 7. Ng5 e6 8.
Qe2 Be7 9. Bb2 O-O 10. O-O d5 11. Bb3 dxe4 12. Nc4 Nd4 13. Qe3 Nxb3 14. Qxb3 h6
15. Nh3 b6 16. Rfd1 Bb7 17. d3 Bd5 18. dxe4 Nxe4 19. Nf4 Bc5 20. Nd3 Qh4 21. g3
Nxg3 22. Nxc5 Ne2+ 23. Kf1 Bxc4 0-1

[Event "Open 2004 des PSV Rostock"]
[Site "Rostock"]
[Date "2004.08.26"]
[Round "1.13"]
[White "Drill, Frank"]
[Black "Jaeger, Frank"]
[Result "1-0"]
[WhiteElo "2175"]
[BlackElo "1711"]
[PlyCount "53"]
[EventDate "2004.08.26"]
[EventType "swiss"]
[EventRounds "7"]
[EventCountry "GER"]
[Source "Th. Schwetlick"]
[SourceDate "2004.09.01"]

1. d4 d5 2. e4 dxe4 3. Nc3 e5 4. Bc4 Nf6 5. dxe5 Qxd1+ 6. Nxd1 Ng4 7. Bf4 g5 8.
Bxg5 Nxe5 9. Bf6 Nxc4 10. Bxh8 Nc6 11. Nc3 Bh6 12. b3 Na3 13. Rd1 Nxc2+ 14. Ke2
b6 15. Nxe4 f5 16. Nd2 Kf7 17. Nc4 Ba6 18. Rd7+ Kg8 19. Bc3 b5 20. Kd1 bxc4 21.
Kxc2 cxb3+ 22. axb3 Bb5 23. Rd5 Bf1 24. Nf3 Ba6 25. Nh4 Re8 26. Re1 Rf8 27. Re6
1-0

[Event "Open 2004 des PSV Rostock"]
[Site "Rostock"]
[Date "2004.08.26"]
[Round "1.14"]
[White "Miedeck, Franz"]
[Black "Helms, Sven"]
[Result "0-1"]
[WhiteElo "1709"]
[BlackElo "2164"]
[PlyCount "54"]
[EventDate "2004.08.26"]
[EventType "swiss"]
[EventRounds "7"]
[EventCountry "GER"]
[Source "Th. Schwetlick"]
[SourceDate "2004.09.01"]

1. e4 e6 2. d4 d5 3. exd5 exd5 4. Nf3 Bd6 5. Nc3 c6 6. Bd3 Ne7 7. O-O O-O 8.
Ne5 Bf5 9. Ne2 Nd7 10. Nxd7 Qxd7 11. Be3 Bg4 12. Qd2 Rae8 13. f3 Bf5 14. Rae1
Ng6 15. Ng3 Bxd3 16. Qxd3 f5 17. Bf2 Nf4 18. Qd2 Ne6 19. Ne2 Qf7 20. f4 Qf6 21.
Be3 Re7 22. c3 Rfe8 23. Qd3 Nc5 24. dxc5 Rxe3 25. Qd2 Bxc5 26. Nd4 Bxd4 27.
cxd4 Rxe1 0-1

[Event "Open 2004 des PSV Rostock"]
[Site "Rostock"]
[Date "2004.08.26"]
[Round "1.15"]
[White "Hornych, Christoph"]
[Black "Boehm, Matthias"]
[Result "1-0"]
[WhiteElo "2157"]
[BlackElo "1704"]
[PlyCount "51"]
[EventDate "2004.08.26"]
[EventType "swiss"]
[EventRounds "7"]
[EventCountry "GER"]
[Source "Th. Schwetlick"]
[SourceDate "2004.09.01"]

1. e4 c6 2. d4 d5 3. Nd2 dxe4 4. Nxe4 Bf5 5. Ng3 Bg6 6. Nf3 Nd7 7. h4 h6 8. h5
Bh7 9. Bd3 Bxd3 10. Qxd3 Ngf6 11. Bd2 e6 12. O-O-O Be7 13. Ne4 Nxe4 14. Qxe4
Nf6 15. Qe2 Qd5 16. c4 Qe4 17. Be3 O-O 18. Ne5 Rfc8 19. f3 Qh7 20. g4 b5 21. f4
bxc4 22. g5 c3 23. g6 cxb2+ 24. Kxb2 Rab8+ 25. Ka1 fxg6 26. hxg6 1-0

[Event "Open 2004 des PSV Rostock"]
[Site "Rostock"]
[Date "2004.08.26"]
[Round "1.16"]
[White "Onasch, Paul"]
[Black "Von Rahden, Arvid"]
[Result "1-0"]
[WhiteElo "1690"]
[BlackElo "2145"]
[PlyCount "103"]
[EventDate "2004.08.26"]
[EventType "swiss"]
[EventRounds "7"]
[EventCountry "GER"]
[Source "Th. Schwetlick"]
[SourceDate "2004.09.01"]

1. d4 d5 2. Nf3 Nf6 3. e3 Bg4 4. Bd3 e6 5. Nbd2 Be7 6. O-O O-O 7. c3 Nbd7 8. e4
dxe4 9. Nxe4 e5 10. Nxf6+ Bxf6 11. Be2 exd4 12. Nxd4 Bxe2 13. Nxe2 Re8 14. Be3
c5 15. Qc2 Qc7 16. Rad1 Ne5 17. Bf4 Qc6 18. Bxe5 Rxe5 19. Rd2 Rae8 20. Ng3 g6
21. Qd1 R5e7 22. Rd6 Re1 23. Rxc6 Rxd1 24. Rxf6 Rd2 25. Rb1 Kg7 26. Rf3 b5 27.
Re3 Red8 28. Re2 R2d5 29. Kf1 a5 30. a3 Kf8 31. Ke1 f5 32. f3 Kf7 33. Rc1 Rd3
34. Kf2 R8d7 35. Rcc2 Rd1 36. Nf1 Ra1 37. Rcd2 Rc7 38. Re1 Ra2 39. Ne3 b4 40.
Nc4 Kf6 41. Red1 a4 42. Ke3 Re7+ 43. Kf2 Rb7 44. cxb4 cxb4 45. Rd6+ Kg5 46.
R1d2 Rc7 47. R6d4 bxa3 48. Nxa3 Rb7 49. Rxa4 Rb3 50. Ra7 f4 51. Ra5+ Kh6 52.
Nc4 1-0

[Event "Open 2004 des PSV Rostock"]
[Site "Rostock"]
[Date "2004.08.26"]
[Round "1.17"]
[White "Hellmann, Norbert"]
[Black "Vladov, Mark"]
[Result "1-0"]
[WhiteElo "2137"]
[BlackElo "1689"]
[PlyCount "89"]
[EventDate "2004.08.26"]
[EventType "swiss"]
[EventRounds "7"]
[EventCountry "GER"]
[Source "Th. Schwetlick"]
[SourceDate "2004.09.01"]

1. e4 c6 2. Nf3 d5 3. exd5 cxd5 4. d4 g6 5. Nc3 Nf6 6. Bf4 a6 7. Qd2 Bg7 8. Bd3
Nc6 9. Bh6 Bxh6 10. Qxh6 Qb6 11. O-O Be6 12. Qd2 Qc7 13. Ne2 b5 14. Rfc1 Bg4
15. Ne1 Qd7 16. a4 Qb7 17. axb5 axb5 18. c3 O-O 19. Nc2 Bxe2 20. Qxe2 Rab8 21.
g4 b4 22. Ne3 e6 23. Qf3 Kg7 24. h4 h5 25. g5 Nd7 26. Qg3 Ra8 27. Rxa8 Rxa8 28.
cxb4 Nxb4 29. Rc7 Qb8 30. Bxg6 Kxg6 31. Rxd7 Qxg3+ 32. fxg3 Ra1+ 33. Kg2 Rb1
34. Kf3 Rxb2 35. Ng2 Rb3+ 36. Ke2 Rb2+ 37. Kf1 Nd3 38. Rc7 Rf2+ 39. Kg1 Rf3 40.
Rc3 Kf5 41. Kh2 Ke4 42. Ra3 Kf5 43. Nf4 Kg4 44. Nxd3 Kf5 45. Kg2 1-0

[Event "Open 2004 des PSV Rostock"]
[Site "Rostock"]
[Date "2004.08.26"]
[Round "1.18"]
[White "Loeke, Patrick"]
[Black "Klink, Torben"]
[Result "1-0"]
[WhiteElo "1666"]
[BlackElo "2134"]
[PlyCount "73"]
[EventDate "2004.08.26"]
[EventType "swiss"]
[EventRounds "7"]
[EventCountry "GER"]
[Source "Th. Schwetlick"]
[SourceDate "2004.09.01"]

1. e4 c5 2. Nf3 g6 3. d4 cxd4 4. Nxd4 Bg7 5. Nc3 Nc6 6. Be3 Nf6 7. Qd2 O-O 8.
O-O-O Ng4 9. Nxc6 bxc6 10. Bd4 Nf6 11. Bc4 Qa5 12. f3 Rd8 13. Kb1 Rb8 14. Bb3
Ba6 15. Ne2 Qc7 16. g4 e5 17. Bc3 d5 18. Ba5 Qb7 19. Bxd8 Rxd8 20. g5 Bxe2 21.
Qxe2 Nh5 22. Qd2 d4 23. Qa5 Qe7 24. c3 c5 25. cxd4 exd4 26. Rc1 Rc8 27. Bd5 Nf4
28. Qa6 Rb8 29. Rc2 d3 30. Rd2 Qe5 31. Bb3 Rb4 32. Rc1 h5 33. Qc8+ Kh7 34. Qxc5
Qb8 35. Qc7 Rxb3 36. axb3 Qxb3 37. Qxf4 1-0

[Event "Open 2004 des PSV Rostock"]
[Site "Rostock"]
[Date "2004.08.26"]
[Round "1.19"]
[White "Moeller, Peter"]
[Black "Worm, Alfred"]
[Result "1-0"]
[WhiteElo "2134"]
[BlackElo "1643"]
[PlyCount "97"]
[EventDate "2004.08.26"]
[EventType "swiss"]
[EventRounds "7"]
[EventCountry "GER"]
[Source "Th. Schwetlick"]
[SourceDate "2004.09.01"]

1. g3 Nf6 2. Bg2 d5 3. d3 c5 4. Nd2 Nc6 5. e4 dxe4 6. dxe4 e5 7. Ngf3 Bg4 8. h3
Be6 9. O-O Qc7 10. c3 Be7 11. Qe2 h6 12. Nh4 Qd7 13. Nf5 Bxf5 14. exf5 Qxf5 15.
Qb5 Qd7 16. Nc4 O-O 17. Be3 Nd8 18. Qxd7 Nxd7 19. Rfd1 Nf6 20. Nxe5 Ne6 21. Rd2
Rad8 22. Rad1 Rxd2 23. Rxd2 b6 24. Nc6 Bd8 25. Nxa7 Bc7 26. Nc6 Re8 27. b4 cxb4
28. cxb4 Kf8 29. Na7 Rd8 30. Rxd8+ Bxd8 31. Nc8 Nd7 32. Kf1 Be7 33. Nxe7 Kxe7
34. Ke2 Kd6 35. Kd3 Ne5+ 36. Kc3 Kc7 37. Bd5 Nd7 38. Kc4 Kd6 39. Bxe6 fxe6 40.
Kb5 Kc7 41. h4 Kb7 42. a4 h5 43. a5 bxa5 44. bxa5 Nb8 45. Bf4 Nd7 46. a6+ Ka7
47. Be3+ Ka8 48. Kc6 Nb8+ 49. Kd6 1-0

[Event "Open 2004 des PSV Rostock"]
[Site "Rostock"]
[Date "2004.08.26"]
[Round "1.20"]
[White "Rath, Wolfgang"]
[Black "Kutschke, Peter"]
[Result "1/2-1/2"]
[WhiteElo "1642"]
[BlackElo "2128"]
[PlyCount "91"]
[EventDate "2004.08.26"]
[EventType "swiss"]
[EventRounds "7"]
[EventCountry "GER"]
[Source "Th. Schwetlick"]
[SourceDate "2004.09.01"]

1. e4 d5 2. exd5 Nf6 3. d4 Nxd5 4. Nf3 g6 5. Be2 Bg7 6. O-O O-O 7. c3 Nc6 8.
Nbd2 e5 9. Nxe5 Nxe5 10. dxe5 Bxe5 11. Nf3 Bg7 12. Qb3 c6 13. Bc4 Nb6 14. Rd1
Qc7 15. Bg5 h6 16. Bh4 Nxc4 17. Qxc4 Be6 18. Qc5 Rfe8 19. Bg3 Qc8 20. Nd4 Bd5
21. b3 b6 22. Qd6 Rd8 23. Qc7 Qxc7 24. Bxc7 Rd7 25. Bf4 Rad8 26. Rd2 c5 27. Ne2
g5 28. Be3 f5 29. f3 Bc6 30. Rad1 f4 31. Rxd7 Rxd7 32. Rxd7 Bxd7 33. Bd2 Bf5
34. Nc1 Kf7 35. Kf2 Ke6 36. Ke2 b5 37. h4 c4 38. hxg5 hxg5 39. Kd1 Be5 40. b4
Kd5 41. a3 Bg6 42. Be1 Bh5 43. Ke2 g4 44. Bd2 gxf3+ 45. gxf3 Ke6 46. Kf2
1/2-1/2

[Event "Open 2004 des PSV Rostock"]
[Site "Rostock"]
[Date "2004.08.26"]
[Round "1.21"]
[White "Zimmermann, Hendrik"]
[Black "Prueter, Reinhard"]
[Result "1/2-1/2"]
[WhiteElo "2105"]
[BlackElo "1637"]
[PlyCount "44"]
[EventDate "2004.08.26"]
[EventType "swiss"]
[EventRounds "7"]
[EventCountry "GER"]
[Source "Th. Schwetlick"]
[SourceDate "2004.09.01"]

1. d4 Nf6 2. c4 d6 3. Nc3 g6 4. e4 Bg7 5. f4 c5 6. d5 Na6 7. Nf3 Nc7 8. Be2 e6
9. O-O O-O 10. a4 a6 11. a5 Rb8 12. e5 Nfe8 13. Ne4 exd5 14. cxd5 Bg4 15. exd6
Nxd6 16. Nxc5 Re8 17. Kh1 Nf5 18. Nd3 Nxd5 19. Nde5 Nde3 20. Qxd8 Rbxd8 21.
Bxe3 Nxe3 22. Rfc1 Bxf3 1/2-1/2

[Event "Open 2004 des PSV Rostock"]
[Site "Rostock"]
[Date "2004.08.26"]
[Round "1.23"]
[White "Schroeder, Christian"]
[Black "Knoblauch, Raphael"]
[Result "1-0"]
[WhiteElo "2100"]
[BlackElo "1609"]
[PlyCount "125"]
[EventDate "2004.08.26"]
[EventType "swiss"]
[EventRounds "7"]
[EventCountry "GER"]
[Source "Th. Schwetlick"]
[SourceDate "2004.09.01"]

1. c4 Nf6 2. Nc3 g6 3. d4 Bg7 4. e4 d6 5. g3 O-O 6. Bg2 e5 7. d5 Nbd7 8. Bg5 a5
9. Qd2 Nc5 10. Nge2 Bd7 11. O-O Qc8 12. f4 Ng4 13. h3 f6 14. hxg4 fxg5 15. f5
gxf5 16. gxf5 Qd8 17. g4 h6 18. Nc1 Be8 19. Bf3 Rf7 20. Nd3 Nd7 21. Rfc1 Bf8
22. b3 Rh7 23. Qe2 h5 24. Nf2 Nf6 25. Kg2 hxg4 26. Bxg4 Nh5 27. Bxh5 Bxh5 28.
Ng4 Bxg4 29. Qxg4 Rh4 30. Qg3 Qf6 31. Rh1 Kf7 32. Rag1 Be7 33. Kf2 Rah8 34.
Rxh4 Rxh4 35. Rg2 Qh6 36. Qe3 Rh3 37. Rg3 Qh4 38. Ne2 Rh2+ 39. Kf1 Rh1+ 40. Rg1
Rh3 41. Rg3 Rh1+ 42. Ng1 Qf4+ 43. Qxf4 gxf4 44. Rh3 Rxh3 45. Nxh3 Bh4 46. Ke2
Kf8 47. Ng1 Bf6 48. Nf3 Kf7 49. Nd2 Bh4 50. a3 Bg3 51. Nf3 Kf6 52. b4 axb4 53.
axb4 Ke7 54. Nd2 Bh4 55. c5 Kd7 56. Nc4 Be7 57. Kf3 Bh4 58. Kg4 Be1 59. cxd6
cxd6 60. b5 Bb4 61. Kg5 f3 62. Kg6 f2 63. Ne3 1-0

[Event "Open 2004 des PSV Rostock"]
[Site "Rostock"]
[Date "2004.08.26"]
[Round "1.24"]
[White "Henschke, Andrea"]
[Black "Reschke, Heiko"]
[Result "1/2-1/2"]
[WhiteElo "1600"]
[BlackElo "2085"]
[PlyCount "89"]
[EventDate "2004.08.26"]
[EventType "swiss"]
[EventRounds "7"]
[EventCountry "GER"]
[Source "Th. Schwetlick"]
[SourceDate "2004.09.01"]

1. f4 g6 2. Nf3 Bg7 3. e3 c5 4. d4 Nh6 5. Bd3 O-O 6. O-O d6 7. c3 Nd7 8. Nbd2
Rb8 9. a4 e5 10. Nc4 exd4 11. exd4 cxd4 12. Nxd4 Nc5 13. Bc2 Bg4 14. Nf3 d5 15.
Nce5 Re8 16. Re1 Qd6 17. Nxg4 Nxg4 18. Nd4 Nf6 19. f5 Nfe4 20. Be3 Be5 21. Nf3
b6 22. Nxe5 Qxe5 23. fxg6 hxg6 24. Bd4 Qg5 25. Qf3 Ne6 26. Bxe4 Nxd4 27. cxd4
dxe4 28. Rxe4 Rxe4 29. Qxe4 Qd2 30. Rf1 Rd8 31. b3 Qxd4+ 32. Qxd4 Rxd4 33. Rf3
Kg7 34. Kf2 g5 35. h3 Rd2+ 36. Kg3 Kg6 37. Rc3 f6 38. Kf3 Kf5 39. Re3 Kg6 40.
Rc3 Rd6 41. Ke4 a5 42. g4 Kf7 43. Rc7+ Ke6 44. Rc4 Rd1 45. Rc6+ 1/2-1/2

[Event "Open 2004 des PSV Rostock"]
[Site "Rostock"]
[Date "2004.08.26"]
[Round "1.25"]
[White "Scholz, Alexander"]
[Black "Ehlers, Michael"]
[Result "1-0"]
[WhiteElo "2084"]
[BlackElo "1592"]
[PlyCount "57"]
[EventDate "2004.08.26"]
[EventType "swiss"]
[EventRounds "7"]
[EventCountry "GER"]
[Source "Th. Schwetlick"]
[SourceDate "2004.09.01"]

1. c4 c5 2. Nf3 Nc6 3. d4 cxd4 4. Nxd4 Nf6 5. Nc3 e6 6. g3 a6 7. Bg2 Bc5 8. Nc2
h5 9. Rb1 h4 10. b4 Bxf2+ 11. Kxf2 Ng4+ 12. Ke1 hxg3 13. hxg3 Rxh1+ 14. Bxh1
Nf2 15. Kxf2 Qf6+ 16. Bf3 Qxc3 17. Ne3 Qf6 18. a3 Ke7 19. Bb2 Qg6 20. Qh1 d6
21. Qh4+ f6 22. Rd1 Bd7 23. b5 axb5 24. cxb5 Nd8 25. a4 Rc8 26. Ba3 Nf7 27.
Bxb7 Rc3 28. Bxd6+ Nxd6 29. Qb4 1-0

[Event "Open 2004 des PSV Rostock"]
[Site "Rostock"]
[Date "2004.08.26"]
[Round "1.26"]
[White "Heinisch, Uwe"]
[Black "Kolbe, Jana"]
[Result "1/2-1/2"]
[WhiteElo "1587"]
[BlackElo "2072"]
[PlyCount "91"]
[EventDate "2004.08.26"]
[EventType "swiss"]
[EventRounds "7"]
[EventCountry "GER"]
[Source "Th. Schwetlick"]
[SourceDate "2004.09.01"]

1. d4 Nf6 2. Nf3 e6 3. e3 b6 4. Nbd2 Be7 5. Bd3 Bb7 6. O-O d5 7. Ne5 O-O 8. Qe2
Nbd7 9. f4 c5 10. c3 a6 11. Nxd7 Qxd7 12. f5 Bd6 13. Qf3 e5 14. dxe5 Bxe5 15.
Qh3 Rae8 16. Nf3 Bd6 17. Bd2 Ne4 18. Rae1 Bc8 19. Bc1 b5 20. Bxe4 dxe4 21. Nh4
Be5 22. Rd1 Qe7 23. g4 Qg5 24. Ng2 Rd8 25. Qh4 Qxh4 26. Nxh4 c4 27. Ng2 g6 28.
Rd2 Rd3 29. Rdf2 Rfd8 30. Nf4 Rd1 31. Ne2 gxf5 32. gxf5 Kh8 33. Nd4 Rxf1+ 34.
Kxf1 Rd5 35. Ke2 Bxd4 36. exd4 Bxf5 37. Bf4 Bg4+ 38. Ke3 Bf3 39. Be5+ Kg8 40.
Rf1 Kf8 41. Rg1 h6 42. Bg7+ Ke7 43. Bxh6 Rh5 44. Bf4 Rh3 45. Rg5 Kf6 46. Rc5
1/2-1/2

[Event "Open 2004 des PSV Rostock"]
[Site "Rostock"]
[Date "2004.08.26"]
[Round "1.27"]
[White "Schuetze, Tonio"]
[Black "Eichstaedt, Enrico"]
[Result "1-0"]
[WhiteElo "2063"]
[BlackElo "1555"]
[PlyCount "39"]
[EventDate "2004.08.26"]
[EventType "swiss"]
[EventRounds "7"]
[EventCountry "GER"]
[Source "Th. Schwetlick"]
[SourceDate "2004.09.01"]

1. e4 e5 2. Nf3 Nc6 3. Bc4 Bc5 4. c3 Nf6 5. d4 exd4 6. cxd4 Bb4+ 7. Nc3 Nxe4 8.
O-O Bxc3 9. d5 Ne5 10. Nxe5 Bxe5 11. Re1 Bxh2+ 12. Kf1 Qh4 13. Qf3 O-O 14. Rxe4
Qd8 15. Qh5 Bg3 16. fxg3 d6 17. Rh4 h6 18. Kg1 Qf6 19. Be3 Bf5 20. Rf1 1-0

[Event "Open 2004 des PSV Rostock"]
[Site "Rostock"]
[Date "2004.08.26"]
[Round "1.11"]
[White "Kliewe, Hans Juergen"]
[Black "Ernst, Mathias"]
[Result "1-0"]
[WhiteElo "2178"]
[BlackElo "1713"]
[PlyCount "45"]
[EventDate "2004.08.26"]
[EventType "swiss"]
[EventRounds "7"]
[EventCountry "GER"]
[Source "Th. Schwetlick"]
[SourceDate "2004.09.01"]

1. d4 d5 2. Nf3 Nf6 3. c4 c6 4. Nc3 g6 5. Bf4 Bg7 6. e3 O-O 7. Rc1 Nh5 8. Be5
f6 9. Bg3 Nxg3 10. hxg3 Re8 11. cxd5 e5 12. dxe5 fxe5 13. dxc6 Qxd1+ 14. Rxd1
bxc6 15. Bc4+ Kh8 16. Bf7 Rf8 17. Bxg6 h6 18. Be4 Na6 19. Nh4 Kg8 20. Ng6 Rf6
21. Rd8+ Kf7 22. Nxe5+ Ke7 23. Rg8 1-0